| 000 | 00505nam a22001577a 4500 | ||
|---|---|---|---|
| 003 | OSt | ||
| 005 | 20211126140219.0 | ||
| 008 | 211126b ||||| |||| 00| 0 eng d | ||
| 040 | _cAIMIT LIBRARY | ||
| 082 | _a658 MITK | ||
| 100 |
_aMittal, Kanika;Garg, Shailley. _eAuthor _qKanika,Mittal;Shailley,Garg _910894 |
||
| 245 |
_aConnecting Across Generations;Leaders if the future _b31st National Management Convention |
||
| 260 |
_aNew Delhi _bExcel Multimedia |
||
| 650 | _2AIMA | ||
| 942 |
_2ddc _cCD _k658 MITK |
||
| 999 |
_c220799 _d220799 |
||